000 nam a22 a 4500
999 _c143773
_d143773
003 BLK
005 20230404030320.0
008 180409b bul|||||r ||||||| ||bul||
010 _aKNG00149916000
040 _aBLK
041 _aDEU
_cDEU
080 _aБългарска литература
_b821.163.2
_x-93-34
_z821.163.2-93-34
100 1 _aStanev, Emilijan
_eпърви автор
_9379755
139 _aStanev, Emilijan
_bS 81
245 1 0 _aEin Hauschen unterm Schnee
_bПриказка
_cEmilijan Stanev ; ubers. aus dem bulg. Helga Thomas; ill. Borislav Stoev
257 _aBGR
260 _aSofia
_bSofia-Press
_c1973
300 _a20 с.
_bс ил.
_c31 см
380 _aDX
500 _aИстинското име на авт. е Никола Стоянов Станев. - Ориг. загл. Къщичка под снега. - 20 000 тир.
700 1 _aThomas, Helga
_eubers. aus dem bulg.
_9378931
700 1 _aStoev, Borislav
_eill.
_9379525
700 1 _aСтанев, Емилиян
_qСтанев, Никола Стоянов
_d1907-1979
_9363786
700 1 _aСтанев, Никола Стоянов
_e*
_9366821
700 1 _aСтоев, Борислав
_e*
_9372214
852 _aЦб ІІ 18911
_bЦб
942 _cKNG
_n0
_s1
944 _aCR
_c27.08.2013
_l27.08.2013 - от С1,Р / 27.08.2013
_kСимона_Петрова
944 _aED
_c2022-04-06
_kГГГ